00520 a2200169 4500001000700000020001800007040002200025041001600047082002100063100009100084245006300175250001000238260003000248300000800278362001300286490005100299137783 a9788583370109 cLeonardo Da Vinci aPortuguês a510 L732cbL732c aLIMA, Elon LagesaCARVALHO, Paulo Cezar PintoaGUIMARÃES FILHO, Florêncio Ferreira aCoordenadas no planobcom as soluções dos exercícios a6. ed bSBMc2013aRio de Janeiro a379 a20130000 aColeção do Professor de Matemática, v. 5